Riflessioni imparziali sopra l'umanitá degli spagnuoli nell'Indie"contro i pretesi filosofi e politici" per servire di lume alle storie de'signori Raynal e Robertson / (Record no. 160825)

MARC details
000 -LEADER
campo de control de longitud fija 00937nam a2200229 i 4500
001 - NÚMERO DE CONTROL
campo de control 160825
003 - IDENTIFICADOR DE NÚMERO DE CONTROL
campo de control ES-MaACL
005 - FECHA Y HORA DE LA ÚLTIMA TRANSACCIÓN
campo de control 20250730075636.0
008 - DATOS DE LONGITUD FIJA--INFORMACIÓN GENERAL
campo de control de longitud fija 960115s1780 it |||| | ita d
040 ## - FUENTE DE CATALOGACIÓN
Centro catalogador/agencia de origen CAM
Lengua de catalogación spa
Centro/agencia transcriptor CAM
100 1# - ENTRADA PRINCIPAL--NOMBRE DE PERSONA
Nombre de persona Nuix, Juan (
Fechas asociadas al nombre 1740-1783)
9 (RLIN) 130549
245 10 - MENCIÓN DEL TÍTULO
Título Riflessioni imparziali sopra l'umanitá degli spagnuoli nell'Indie"contro i pretesi filosofi e politici" per servire di lume alle storie de'signori Raynal e Robertson /
Mención de responsabilidad, etc. del Sig. Abbate D. Giovanni Nuix.
260 ## - PUBLICACIÓN, DISTRIBUCIÓN, ETC.
Lugar de publicación, distribución, etc. In Venezia :
Nombre del editor, distribuidor, etc. [s.n.],
Fecha de publicación, distribución, etc. 1780.
300 ## - DESCRIPCIÓN FÍSICA
Extensión 346 [i.e. 336] p. ;
Dimensiones 12º.
597 ## - NOTA DE DESCRIPCIÓN FÍSICA
NOTA DE DESCRIPCIÓN FÍSICA Sign.: A-O12.
597 ## - NOTA DE DESCRIPCIÓN FÍSICA
NOTA DE DESCRIPCIÓN FÍSICA Error de pag., de p. 217 pasa a la 228.
600 14 - PUNTO DE ACCESO ADICIONAL DE MATERIA--NOMBRE DE PERSONA
Nombre de persona Robertson, William (
Fechas asociadas al nombre 1721-1793)
9 (RLIN) 164575
600 14 - PUNTO DE ACCESO ADICIONAL DE MATERIA--NOMBRE DE PERSONA
Nombre de persona Raynal, Guillaume-Thomas (
Fechas asociadas al nombre 1713-1796)
9 (RLIN) 164574
650 04 - PUNTO DE ACCESO ADICIONAL DE MATERIA--TÉRMINO DE MATERIA
Término de materia o nombre geográfico como elemento de entrada Indios de América-
Subdivisión general Trato recibido
9 (RLIN) 13674
852 ## - LOCALIZACIÓN
Ubicación ES-MaACL
Número de control de estantería R-925
Nota libre -- Enc. piel con hierros dorados
Holdings
Estatus retirado Estado de pérdida Estado de daño No para préstamo Colección Biblioteca de origen Biblioteca actual Ubicación en estantería Fecha de adquisición Fuente de adquisición Total de préstamos Signatura topográfica completa Código de barras Visto por última vez Precio de reemplazo Tipo de ítem Koha
        Libros del s. XVIII Biblioteca del Ateneo de Madrid Biblioteca del Ateneo de Madrid Depósito 17/01/2008     R-925 1168415 23/02/2023 23/02/2023 Libro impreso antiguo